Sports Quiz

Random Sports or MLB Quiz
Score 0/62 Timer 10:00
0 Plays Today
# Place Name % Correct
7Los Angeles
98.8%
3Boston
97.6%
5Chicago
97.6%
7New York
97.6%
3Dallas
97.6%
3Miami
96.4%
3Houston
96.4%
4Philadelphia
95.2%
3Toronto
95.2%
2Denver
95.2%
2New Orleans
95.2%
3Seattle
94%
4Detroit
94%
3Atlanta
94%
1San Antonio
94%
1Portland
94%
1Indiana
94%
4Washington
92.8%
3Tampa Bay
92.8%
3Pittsburgh
92.8%
4Minnesota
92.8%
1Phoenix
92.8%
2San Francisco
91.6%
3Arizona
91.6%
3Cleveland
91.6%
2Oakland
90.4%
2Milwaukee
90.4%
1Utah
90.4%
1Orlando
90.4%
2Kansas City
89.2%
1Oklahoma City
89.2%
# Place Name % Correct
1Montreal
89.2%
1New England
89.2%
2Cincinnati
88%
1Vancouver
88%
1Indianapolis
88%
1Tennessee
88%
1San Diego
86.7%
2Colorado
86.7%
2Baltimore
86.7%
1Texas
86.7%
1Memphis
86.7%
2Buffalo
86.7%
1Florida
86.7%
2St. Louis
85.5%
1Brooklyn
85.5%
1Charlotte
85.5%
1San Jose
85.5%
2Carolina
85.5%
1Jacksonville
85.5%
1Green Bay
84.3%
1Nashville
83.1%
1New Jersey
83.1%
1Golden State
81.9%
1Calgary
81.9%
1Sacramento
78.3%
1Edmonton
78.3%
1Columbus
78.3%
1Winnipeg
77.1%
1Anaheim
75.9%
1Ottawa
74.7%
1Vegas
73.5%
Remove Ads.
Support Sporcle.
Get the best of Sporcle when you Go Orange. This ad-free experience offers more features, more stats, and more fun while also helping to support Sporcle. Thank you for becoming a member.

You're not logged in!

Compare scores with friends on all Sporcle quizzes.
OR
Log In

Show Comments

Extras

Top Quizzes Today


Score Distribution

Your Account Isn't Verified!

In order to create a playlist on Sporcle, you need to verify the email address you used during registration. Go to your Sporcle Settings to finish the process.

Report this User

Report this user for behavior that violates our Community Guidelines.

Details: